| 000 | 01086nam a2200205Ia 4500 | ||
|---|---|---|---|
| 008 | 161108s9999 xx 000 0 und d | ||
| 020 | _a9789587621815 | ||
| 082 | _aR 388.03 D31 | ||
| 245 |
_aDiccionario Lid logística y transporte / _c director de obra Emilio Larrodé |
||
| 250 | _aPrimera edición | ||
| 300 |
_a452 páginas ; _c 25 cm |
||
| 490 | _aDiccionarios LID | ||
| 500 | _aEdición español-inglés \\ En portada: "Transporte aéreo, marítimo, fluvial, intermodal, por ferrocarril y por carretera -- tecnologías de información y comunicación -- vehículos -- logística de aprovisionamiento, de producción, de almacenaje, de distribuc | ||
| 650 | _aTransporte - Diccionarios / Comunicaciones - Diccionarios / Transporte De Carga - Diccionarios / Transporte De Mercancias - Diccionarios / Logistica En Los Negocios - Diccionarios | ||
| 264 |
_aBogotá : _b LID Editorial empresarial - Ediciones de la U |
||
| 336 |
_atexto _btxt _2rdacontent |
||
| 337 |
_asin mediación _bn _2rdamedia |
||
| 338 |
_avolumen _bnc _2rdacarrier |
||
| 040 |
_aCO-BoRNBP _bspa _erda _cCO-BoRNBP |
||
| 999 |
_c7605 _d7605 |
||